000 00705nam a2200241Ia 4500
003 OSt
005 20220925220046.0
006 a|||||r|||| 00| 0
007 ta
008 220923b |||||||| |||| 00| 0 eng d
037 _cGeneral Book
040 _aRTL
_cRTL
_beng
041 _2eng
_aeng
082 _aY33.3.N6, L0
100 _aPahl R E
_9270056
245 0 _aPatterns of urban life
260 _aLondon
_bLongman
_c1970
300 _ax,152p
_ccm.
490 _aAspects of modern sociology Ed by John Barron Mays etc. Social Structure of Modern Britain
650 _aUrban Sociology
_934088
942 _hY33.3.N6, L0
_cGB
_2CC
999 _c570440
_d570440